Top Scorers/Most Capped Players for Spain - Statistics

General Stats
  • This quiz has been taken 123 times
  • The average score is 14 of 20
Answer Stats
Place Goals Player % Correct
4 131 Andres Iniesta
98%
9 23 Sergio Ramos
97%
1 180 Sergio Ramos
97%
3 133 Xavi Hernandez
97%
1 59 David Villa
94%
2 167 Iker Casillas
94%
3 38 Fernando Torres
89%
10 110 Fernando Torres
89%
7 122 Sergio Busquets
78%
2 44 Raul
77%
8 114 Xabi Alonso
69%
4 35 David Silva
66%
6 125 David Silva
66%
5 29 Fernando Hierro
62%
9 110 Cesc Fabregas
58%
7 26 Emilio Butragueno
56%
6 27 Fernando Morientes
52%
8 23 Alfredo Di Stefano
38%
5 126 Andoni Zubizarreta
33%
10 22 Julio Salinas
9%
No matching quizzes found
Score Distribution
Percent of People with Each Score
Percentile by Number Answered
Your Score History
You have not taken this quiz